000 00640nam a2200193Ii 4500
003 JO-AjNU
008 230605s9999||||xx |||||||||||||| ||und||
040 _aJO-AjNU
_bara
_erda
_cJO-AjNU
041 _aara
050 1 4 _aN6490.N412
100 3 _aنيوماير،سارة تأليف/يونان،رمسيس مترجم,
_eauthor
_98302
245 0 0 _aقصة الفن الحديث: سلسلة الفكر المعاصر 2
300 _a259ص
336 _atext
_btxt
_2rdacontent
337 _aunmediated
_bn
_2rdamedia
338 _avolume
_bnc
_2rdacarrier
490 0 _aسلسلة الفكر المعاصر 1
650 4 _a فن حديث
_98303
999 _aA719
_c4287
_d4287